000 01659cam a2200541 a 4500
001 22513
003 SK-KTurca
005 20260331140831.0
008 240226s1986 xo dr 000 0 slo
015 _aSNBA1987/02
020 _q(viazané)
035 _aSNK000026353
035 _aF7B5B80B-3DD5-4760-B8CA-3F7308850EAC
035 _aurn:nbn:sk:snk-am00iff3
040 _aSNK
_bslo
_cSNK
_eAACR2
041 0 _aslo
044 _axo
_cSK
072 7 _a316.36
_xManželstvo a rodina. Sexuálne vzťahy
_2konspekt
072 7 _a613
_xHygiena. Ľudské zdravie
_2konspekt
080 _a613.88
_21997
080 _a316.346.32-053.6
_22011
080 _a316.346.32-053.81
_22011
080 _a159.922.8
_22011
080 _a316.472.42
_22011
080 _a613.88
_22011
080 _a316.361
_22011
080 _a316.362.1-055.52
_22011
080 _a(048.8)
_22011
100 1 _aStrmeňová, Jiřina,
_d1925-
_4aut
245 1 0 _aNa prahu dospelosti
_cJiřina Strmeňová
250 _a2. upr. vyd.
260 _aBratislava
_bMladé letá
_c1986
_eTrnava
_fPolygrafické závody
300 _a121 strán
_c21 cm
366 _e25000 výtl.
500 _aObsahuje slovníček odborných termínov cudzieho pôvodu
521 1 _aPre čitateľov od 14 rokov
650 0 7 _amládež
_2SNKPH
650 0 7 _amladí ľudia
_2SNKPH
650 0 7 _adospievanie
_2SNKPH
650 0 7 _apartnerské vzťahy
_2SNKPH
650 0 7 _asex
_2SNKPH
650 0 7 _amanželstvo
_2SNKPH
650 0 7 _arodičovstvo
_2SNKPH
650 0 7 _asexuálna výchova
_2SNKPH
655 7 _amonografie
_2SNKPH
942 _2ddc
_cKLDO
_n0
999 _c22513
_d22513